New directions in Australian architecture (Record no. 10399)

000 -LEADER
fixed length control field 00443nam a2200169Ia 4500
003 - CONTROL NUMBER IDENTIFIER
control field OSt
005 - DATE AND TIME OF LATEST TRANSACTION
control field 20220316174230.0
008 - FIXED-LENGTH DATA ELEMENTS--GENERAL INFORMATION
fixed length control field 220308s9999 xx 000 0 und d
020 ## - INTERNATIONAL STANDARD BOOK NUMBER
International Standard Book Number 9780794603373
082 ## - DEWEY DECIMAL CLASSIFICATION NUMBER
Classification number 720.994
Item number GOA
100 ## - MAIN ENTRY--PERSONAL NAME
Personal name Goad, Philip; Bingham-Hall, Patrick
245 #0 - TITLE STATEMENT
Title New directions in Australian architecture
260 ## - PUBLICATION, DISTRIBUTION, ETC. (IMPRINT)
Name of publisher, distributor, etc  Periplus Editions/Berkeley Books Pte Ltd 
365 ## - TRADE PRICE
Price type code USD
365 ## - TRADE PRICE
Unit of pricing 50
942 ## - ADDED ENTRY ELEMENTS (KOHA)
Source of classification or shelving scheme
Holdings
Withdrawn status Lost status Source of classification or shelving scheme Damaged status Koha normalized classification for sorting Not for loan Permanent location Current location Date acquired Source of acquisition Cost, normal purchase price Full call number Barcode Date last seen Cost, replacement price Price effective from Koha item type
        720_994000000000000_GOA   BMS College of Architecture, Design and Planning BMS College of Architecture, Design and Planning 2022-03-16 1 2754.50 720.994 GOA AR-UG2566 2022-03-16 3935.00 2022-03-16 UG Books
Copyright © 2025, The Librarian, Library and Information Centre, BMSCA D&P, Bengaluru. All Rights Reserved
web counter

Powered by Koha